| 000 | 00486nam a2200133Ia 4500 | ||
|---|---|---|---|
| 008 | 170221s9999 xx 000 0 und d | ||
| 100 | _aChris Neuenschwander | ||
| 245 | _aPredatory lending characteristics and mortgage default | ||
| 245 | _cChris Neuenschwander, Anderson University; Dennis Proffitt, Grand Canyon University. | ||
| 260 | _bJournal of Management and Marketing Research | ||
| 260 | _c2012 | ||
| 650 | _xBusiness | ||
| 856 | _uhttp://www.aabri.com/manuscripts/141812.pdf | ||
| 999 |
_c309679 _d309679 |
||